| 000 | 00000nam 2200000zi 4500 |
| 001 | 9.919894 |
| 003 | CaOODSP |
| 005 | 20230504141134 |
| 006 | m o d f |
| 007 | cr ||||||||||| |
| 008 | 230208t20232023onc o f000 0 eng d |
| 020 | |a9780660474854 |
| 040 | |aCaOODSP|beng|erda|cCaOODSP |
| 043 | |an-cn--- |
| 086 | 1 |aH14-431/2023E-PDF |
| 245 | 00|aSometimes the best way to face challenges is to ask for help. |
| 264 | 1|aOttawa : |bGovernment of Canada = Gouvernement du Canada, |c2023. |
| 264 | 4|c©2023 |
| 300 | |a1 online resource (1 page) |
| 336 | |atext|btxt|2rdacontent |
| 337 | |acomputer|bc|2rdamedia |
| 338 | |aonline resource|bcr|2rdacarrier |
| 500 | |aIssued also in French under title: Parfois, la meilleure façon de faire face aux difficultés est de demander de l’aide. |
| 500 | |aCaption title. |
| 650 | 0|aIndigenous peoples|xMental health|zCanada. |
| 710 | 1 |aCanada. |bHealth Canada, |eissuing body. |
| 775 | 08|tParfois, la meilleure façon de faire face aux difficultés est de demander de l’aide.|w(CaOODSP)9.919895 |
| 856 | 40|qPDF|s94 KB|uhttps://publications.gc.ca/collections/collection_2023/sc-hc/H14-431-2023-eng.pdf |
| 986 | |a220766 |